| 000 | | | 03371nac2a22002531x 450 |
| 001 | | | 9b496e68-cf42-4e47-a181-198aa1bf426e |
| 005 | | | 20151120144903.0 |
| 100 | ## | $a | 20150729l1918 k y0rusy50 ca |
| 101 | 0# | $a | rus |
| 102 | ## | $a | RU |
| 105 | ## | $a | y z ||||| |
| 122 | 0# | $a | d19181231 |
| 200 | 1# | $a | Декрет об уравнении беженцев, оставшихся в российском гражданстве |
| | $j | [1918] |
| 215 | ## | $a | 1 лист |
| 251 | ## | $c | Дело |
| 300 | ## | $a | Машинописный текст |
| 324 | ## | $a | Копия |
| 330 | ## | $a | Входит в раздел описи: 1918 год |
| 461 | #0 | $1 | 001ad6baeac-e292-4829-90d1-2f4f65796a62 |
| | $1 | 2001 |
| | $a | СОВЕТ НАРОДНЫХ КОМИССАРОВ РСФСР (СНК РСФСР) |
| | $1 | 251 |
| | $c | Фонд |
| | $1 | 852 |
| | $j | 130 |
| | $g | Р |
| 462 | #0 | $1 | 001afc5aed5-c9a9-4404-94f6-7a20e205e43c |
| | $1 | 2001 |
| | $a | 1913-1919 гг. |
| | $v | Д. 1185 |
| | $1 | 251 |
| | $c | Опись |
| | $1 | 852 |
| | $j | 2 |
| 601 | 01 | $3 | RU\NLR\AUTH\661074810 |
| | $a | РСФСР |
| | $b | Совет Народных Комиссаров |
| 801 | #0 | $a | RU |
| | $b | GA_RF |
| 801 | #1 | $a | RU |
| | $b | НПО Опыт |
| | $c | 20150729 |
| | $2 | rusmarc |
| 801 | #2 | $a | RU |
| | $b | ПБ им. Б.Н. Ельцина |
| | $c | 20151120 |
| | $g | RCR |
| | $2 | rusmarc |
| 852 | ## | $a | ГА РФ |
| | $j | 1185 |
| 937 | ## | $d | 55563628 |
| | $h | ПБ |
| 035 | ## | $a | RuPRLIB51032410 |